000 00515nam a22001697a 4500
003 OSt
008 260429b |||||||| |||| 00| 0 eng d
082 _a635.93424
_bS11E
100 _aSah, Kapil Dev
245 _aEffect of Levels of Nitrogen and Spacing of Growth, Flowering Corm Yield and Shelf Life of Gladiolus (Gladiolus Gandavensis)
260 _aPusa, Samastipur
_bRAU
_c2003
300 _a59P.
502 _bMsc.
_d2003
650 _aVegetable and Floriculture
650 _aHorticulture
942 _2ddc
_cT
999 _c50252
_d50252